Associez ces groupes aux noms de leurs membres - Statistiques

Statistiques générales
  • Ce quiz a été pris 109 fois
  • Le résultat moyen est 6 sur 10
Statistiques - réponses
Hint Réponse % Correct
Freddie Mercury, Brian May, John Deacon, Roger Taylor Queen
98%
Mick Jagger, Keith Richards, Ronnie Wood, Charlie Watts The Rolling Stones
91%
David Lee Roth, Wolfgang Van Halen, Alex Van Halen, Eddie Van Halen Van Halen
77%
Brian Johnson, Malcolm Young, Angus Young, Phill Rudd, Cliff Williams AC/DC
69%
Axl Rose, Slash, Duffy McCagan, Dizzy Reed, Franck Ferrer Guns N'Roses
63%
Robert Plant, Jimmy Page, John Paul Jones, John Bonham Led Zeppelin
55%
Steven Tyler, Joe Perry, Tom Hamilton, Brad Whitford, Joey Kramer Aerosmith
38%
Klaus Meine, Rudolf Schenker, Matthias Jabs, Paweł Mąciwoda, Mikey Dee Scorpions
33%
Paul Stanley, Gene Simmons, Tommy Thayer, Eric Singer Kiss
29%
Ian Paice, Ian Gillan, Roger Glover, Steve Morse, Don Airey Deep Purple
18%
Aucun quiz correspondant
Distribution des résultats
% des personnes avec chaque résultat
Percentile par nombre de réponses
Votre historique - résultats
Vous n’avez pas pris ce quiz